000 00414nam a2200157Ia 4500
008 210716s1999 xx 000 0 und d
020 _a8121919653
041 _aeng
082 _a160 AGGR
100 _aAggarwal, R S; Aggarwall, Vikas.
245 _aModern approach to logic reasonning.
250 _a1
260 _aNew Delhi
_bS Chand and Company Ltd
_c1999
300 _a157
650 _aGeneral Management
999 _c185934
_d185934